| 000 | 00630nam a2200193 a 4500 | ||
|---|---|---|---|
| 001 | 000042842 | ||
| 005 | 20201002040435.0 | ||
| 008 | 140211s1999 sp a 000 0 spa d | ||
| 020 | _a8420639737 | ||
| 040 |
_aDO-SdBNP _bspa _cBNPHU |
||
| 100 | 1 |
_aPuente Ferreras, Aníbal _970223 |
|
| 245 | 1 | 3 |
_aEl cerebro creador : _b¿qué hacer para que el cerebro sea más eficaz? / _cAníbal Puente Ferreras. |
| 260 |
_aMadrid, : _bAlianza Editorial, _c1999. |
||
| 300 |
_a443 p. : _bil. ; _c18 cm. |
||
| 490 | 1 | _aCiencias sociales | |
| 500 | _aLibro de bolsillo | ||
| 504 | _aBibliografía p: 413-435 | ||
| 830 | 0 |
_aCiencias sociales _913247 |
|
| 999 |
_c42331 _d42331 |
||